Open Data Biblioteca Nacional de Portugal


República Portuguesa: Ministério da Cultura
Biblioteca Nacional de Portugal

Catálogo da BNP: acesso por Identificadores Unívocos
Registos Bibliográficos associados ao registo de autoridade

Etiqueta de registo: 00506cam 02200193 04500
001 64613
003 http://id.bnportugal.gov.pt/bib/catbnp/64613
100 ## $a19981113d1955 de y0pora0103 ba
101 0# $apor
102 ## $aPT
105 ## $aa t 000yy
106 ## $ar
200 1# $a O espírito da nuvens$f[Gilda Teixeira Coelho]$gdes. E. T. Coelho
210 #9 $aLisboa$cFomento de Publicações,$d[D.L. 1955]
215 ## $a[11] p.$ctodo il.$d28 cm
225 2# $aCapuchinho Vermelho
317 ## $aColeção Leandro de Moraes Sarmento$5PTBN: L.M.S. 836
606 ## $aBanda desenhada$2SIPOR$31993752
606 ## $aLiteratura infantil$2SIPOR$367823
675 ## $a741.5$vBN$zpor$3793872
675 ## $a087.5$vmed$zpor$3287999
700 #1 $aCoelho,$bGilda Teixeira$3186269
702 #1 $aCoelho,$bEduardo Teixeira,$f1919-2005$4440$331614
801 #0 $aPT$bBN$gRPC
966 ## $lBN$mFGMON$sL. 14274//5 V.
966 ## $lBN$mFGMON$pBiblioteca particular Leandro de Moraes Sarmento$sL.M.S. 836 $x3

Etiqueta de registo: 00487cam 02200193 04500
001 48175
003 http://id.bnportugal.gov.pt/bib/catbnp/48175
100 ## $a19981113d1955 de y0pora0103 ba
101 0# $apor
102 ## $aPT
105 ## $aa t 000yy
106 ## $ar
200 1# $aMarina e o papagaio$f[Gilda Teixeira Coelho]$g des. E. T. Coelho
210 #9 $aLisboa$cFomento de Publicações,$d[D.L. 1955]
215 ## $a[10] p.$ctodo il.$d28 cm
225 2# $aCapuchinho Vermelho
317 ## $aColeção Leandro de Moraes Sarmento$5PTBN: L.M.S. 834
606 ## $aBanda desenhada$2SIPOR$31993752
606 ## $aLiteratura infantil$2SIPOR$367823
675 ## $a741.5$vBN$zpor$3793872
675 ## $a087.5$vmed$zpor$3287999
700 #1 $aCoelho,$bGilda Teixeira$3186269
702 #1 $aCoelho,$bEduardo Teixeira,$f1919-2005$4440$331614
801 #0 $aPT$bBN$gRPC
966 ## $lBN$mFGMON$sL. 14274//1 V.
966 ## $lBN$mFGMON$pBiblioteca particular Leandro de Moraes Sarmento$sL.M.S. 834 $x3

Etiqueta de registo: 00488cam 02200193 04500
001 48173
003 http://id.bnportugal.gov.pt/bib/catbnp/48173
100 ## $a19981113d1955 de y0pora0103 ba
101 0# $apor
102 ## $aPT
105 ## $aa t 000yy
106 ## $ar
200 1# $a A filha do moleiro$f[texto adapt. Gilda Teixeira Coelho]$g des. E. T. Coelho
210 #9 $aLisboa$cFomento de Publicações,$d[D.L. 1955]
215 ## $a[11] p.$ctodo il.$d28 cm
225 2# $aCapuchinho Vermelho
312 ## $aAdapatção para banda desenhada do conto para crianças: "Rumpelstiltskin" dos irmãos Grimm
317 ## $aColeção Leandro de Moraes Sarmento$5PTBN: L.M.S. 835
606 ## $aBanda desenhada$2SIPOR$31993752
606 ## $aLiteratura infantil$2SIPOR$367823
675 ## $a741.5$vBN$zpor$3793872
675 ## $a087.5$vmed$zpor$3287999
700 #1 $aCoelho,$bGilda Teixeira$3186269
702 #1 $aCoelho,$bEduardo Teixeira,$f1919-2005$4440$331614
702 #1 $aGrimm,$bJakob Ludwig Karl,$f1785-1863$4100$340174
702 #1 $aGrimm,$bWilhelm Karl,$f1786-1859$4100$340179
801 #0 $aPT$bBN$gRPC
966 ## $lBN$mFGMON$sL. 14274//2 V.
966 ## $lBN$mFGMON$pBiblioteca particular Leandro de Moraes Sarmento$sL.M.S. 835 $x3

Etiqueta de registo: 00000nam 2200025 450
001 2207381
003 http://id.bnportugal.gov.pt/bib/catbnp/2207381
100 ## $a20250310d1965 m y0pory01030103ba
101 0# $afre
102 ## $aFR
105 ## $aa z 000yy
106 ## $ar
200 1# $aContes et légendes du Portugal$fGilda T. Coelho$gil. Makek Rudnicki
210 #9 $aParis$cFernand Nathan,$dcop. 1965
215 ## $a253, [3] p.$cil.$d19 cm
225 2# $a Le monde
317 ## $aBiblioteca Matilde Rosa Araújo$5PTBN: L. 122985 P.
700 #1 $aCoelho,$bGilda Teixeira$3186269
702 #1 $aRudnicki,$bMarek$4440$3993933
801 #0 $aPT$bBN$gRPC
966 ## $lBN$mFGMON$pBiblioteca Matilde Rosa Araújo$sL. 122985 P.$x3
971 ## $cisantos$d20250310

Etiqueta de registo: 00452cam 02200169 04500
001 552121
003 http://id.bnportugal.gov.pt/bib/catbnp/552121
100 ## $a19990103d1954 m y0pory0103 ba
101 0# $apor
102 ## $aPT
105 ## $aa t 000yy
106 ## $ar
200 1# $a O rei triste$fGilda Teixeira Coelho$gdes. E.T. Coelho
210 #9 $aLisboa$cFomento de Publicações,$d[D.L. 1954]
215 ## $a7 f.$cil.$d19 cm
317 ## $aColeção Leandro de Moraes Sarmento$5PTBN: L.M.S. 846
606 ## $aBanda desenhada$2SIPOR$31993752
606 ## $aLiteratura infantil$2SIPOR$367823
675 ## $a741.5$vBN$zpor$3793872
675 ## $a087.5$vmed$zpor$3287999
675 ## $a821.134.3-34"19"$vBN$zpor$3294228
675 ## $a821.134.3-343"19"$vBN$zpor$31215400
675 ## $a398.2(=1:469)"19"$vBN$zpor$31751712
700 #1 $aCoelho,$bGilda Teixeira$3186269
702 #1 $aCoelho,$bEduardo Teixeira,$f1919-2005$4440$331614
801 #0 $aPT$bBN$gRPC
966 ## $lBN$mFGMON$sL. 43085//5 P.
966 ## $lBN$mFGMON$pBiblioteca particular Leandro de Moraes Sarmento$sL.M.S. 846 $x3
973 ## $cigoulao$d20250701

OpendataBNP@bnportugal.pt | Mais informação sobre acesso aos dados BNP